A Decade of Football - 2010s - Statistics

General Stats
  • This quiz has been taken 487 times
    473 since last reset
  • The average score is 124 of 138
Answer Stats
Year Competition Answer % Correct
2010 La Liga Barcelona
100%
2011 La Liga Barcelona
100%
2011 Champions League Barcelona
100%
2011 Club World Cup Barcelona
100%
2013 La Liga Barcelona
100%
2015 La Liga Barcelona
100%
2015 Champions League Barcelona
100%
2015 Club World Cup Barcelona
100%
2016 La Liga Barcelona
100%
2018 La Liga Barcelona
100%
2019 La Liga Barcelona
100%
2010 Bundesliga Bayern Munich
100%
2013 Bundesliga Bayern Munich
100%
2013 Champions League Bayern Munich
100%
2013 Club World Cup Bayern Munich
100%
2014 Bundesliga Bayern Munich
100%
2015 Bundesliga Bayern Munich
100%
2016 Bundesliga Bayern Munich
100%
2017 Bundesliga Bayern Munich
100%
2018 Bundesliga Bayern Munich
100%
2019 Bundesliga Bayern Munich
100%
2012 Premier League Manchester City
100%
2014 Premier League Manchester City
100%
2018 Premier League Manchester City
100%
2019 Premier League Manchester City
100%
2011 Premier League Manchester United
100%
2013 Premier League Manchester United
100%
2017 Europa League Manchester United
100%
2010 Premier League Chelsea
99%
2012 Champions League Chelsea
99%
2013 Europa League Chelsea
99%
2015 Premier League Chelsea
99%
2017 Premier League Chelsea
99%
2019 Europa League Chelsea
99%
2012 Serie A Juventus
99%
2013 Serie A Juventus
99%
2014 Serie A Juventus
99%
2015 Serie A Juventus
99%
2016 Serie A Juventus
99%
2017 Serie A Juventus
99%
2018 Serie A Juventus
99%
2019 Serie A Juventus
99%
2010 Ballon d'Or Lionel Messi
99%
2010 European Golden Shoe Lionel Messi
99%
2011 Ballon d'Or Lionel Messi
99%
2012 Ballon d'Or Lionel Messi
99%
2012 European Golden Shoe Lionel Messi
99%
2013 European Golden Shoe Lionel Messi
99%
2015 Ballon d'Or Lionel Messi
99%
2017 European Golden Shoe Lionel Messi
99%
2018 European Golden Shoe Lionel Messi
99%
2019 Ballon d'Or Lionel Messi
99%
2019 European Golden Shoe Lionel Messi
99%
2013 Ligue 1 Paris Saint-Germain
99%
2014 Ligue 1 Paris Saint-Germain
99%
2015 Ligue 1 Paris Saint-Germain
99%
2016 Ligue 1 Paris Saint-Germain
99%
2018 Ligue 1 Paris Saint-Germain
99%
2019 Ligue 1 Paris Saint-Germain
99%
2012 La Liga Real Madrid
99%
2014 Champions League Real Madrid
99%
2014 Club World Cup Real Madrid
99%
2016 Champions League Real Madrid
99%
2016 Club World Cup Real Madrid
99%
2017 La Liga Real Madrid
99%
2017 Champions League Real Madrid
99%
2017 Club World Cup Real Madrid
99%
2018 Champions League Real Madrid
99%
2018 Club World Cup Real Madrid
99%
2011 European Golden Shoe Cristiano Ronaldo
98%
2013 Ballon d'Or Cristiano Ronaldo
98%
2014 Ballon d'Or Cristiano Ronaldo
98%
2014 European Golden Shoe Cristiano Ronaldo
98%
2015 European Golden Shoe Cristiano Ronaldo
98%
2016 Ballon d'Or Cristiano Ronaldo
98%
2016 European Golden Shoe Cristiano Ronaldo
98%
2017 Ballon d'Or Cristiano Ronaldo
98%
2010 Serie A Inter Milan
98%
2010 Champions League Inter Milan
98%
2010 Club World Cup Inter Milan
98%
2011 Bundesliga Borussia Dortmund
96%
2012 Bundesliga Borussia Dortmund
96%
2010 Europa League Atlético Madrid
95%
2012 Europa League Atlético Madrid
95%
2014 La Liga Atlético Madrid
95%
2018 Europa League Atlético Madrid
95%
2019 Champions League Liverpool
95%
2019 Club World Cup Liverpool
95%
2010 World Cup Spain
95%
2012 European Championship Spain
95%
2013 Confederations Cup Brazil
93%
2019 Copa América Brazil
93%
2014 World Cup Germany
92%
2017 Confederations Cup Germany
92%
2018 World Cup France
91%
2016 Premier League Leicester City
90%
2010 Ligue 1 Marseille
90%
2011 Best European Goalkeeper Manuel Neuer
89%
2013 Best European Goalkeeper Manuel Neuer
89%
2014 Best European Goalkeeper Manuel Neuer
89%
2015 Best European Goalkeeper Manuel Neuer
89%
2011 Asian Cup Japan
86%
2015 Copa América Chile
85%
2016 Copa América Chile
85%
2017 Ligue 1 Monaco
85%
2010 AFCON Egypt
84%
2011 Serie A Milan
84%
2011 Ligue 1 Lille
82%
2014 Europa League Sevilla
81%
2015 Europa League Sevilla
81%
2015 Europa League Sevilla
81%
2018 Ballon d'Or Luka Modric
80%
2016 European Championship Portugal
80%
2010 Best European Goalkeeper Iker Casillas
79%
2016 Best European Goalkeeper Gianluigi Buffon
78%
2017 Best European Goalkeeper Gianluigi Buffon
78%
2011 Gold Cup Mexico
78%
2015 Gold Cup Mexico
78%
2019 Gold Cup Mexico
78%
2013 Gold Cup United States
78%
2017 Gold Cup United States
78%
2013 AFCON Nigeria
77%
2011 Copa América Uruguay
77%
2015 Asian Cup Australia
75%
2015 AFCON Ivory Coast
73%
2019 AFCON Algeria
69%
2017 AFCON Cameroon
69%
2016 OFC Nations Cup New Zealand
67%
2019 Best European Goalkeeper Alisson Becker
62%
2012 Ligue 1 Montpellier
60%
2019 Asian Cup Qatar
53%
2014 European Golden Shoe Luis Suarez
52%
2012 Best European Goalkeeper Petr Čech
47%
2011 Europa League Porto
40%
2018 Best European Goalkeeper Keylor Navas
39%
2012 AFCON Zambia
36%
2012 OFC Nations Cup Tahiti
29%
2012 Club World Cup Corinthians
22%
No matching quizzes found
Score Distribution
Percent of People with Each Score
Percentile by Number Answered
Your Score History
You have not taken this quiz since the last reset